00546cam a22001937a 4500003000500000005001700005008004100022010001000063011001000073035001000083040000900093110003700102245005300139260006500192300001800257490002000275650003700295830002000332CHAP20220329135801.0971013s1968 r 00010 d a42063 a43035 a47165 cCHAP aE.U.A. Department of Agriculture13aEl control de la enfermedad aparente del durazno aMéxico, D. F. :bCentro Regional de Ayuda Técnica,c1968 as.p.b: ilus. 0aProspectv; 51514aDuraznoxEnfermedades por virus.0 aProspectv; 515